| 000 | 01259cam a2200253 4500 | ||
|---|---|---|---|
| 001 | ABS64370 | ||
| 008 | 010823n2001 000 0 eng u | ||
| 035 | _a(Sirsi) u114318 | ||
| 100 | _aEvers, A | ||
| 245 | _aLand condition records: log books for land | ||
| 260 | _c2001 | ||
| 490 |
_aCSM _bChartered Surveyor Monthly _v(7&8) July/August 2001, 33(1) |
||
| 520 | _aReport on the Land Condition Record (LCR), a standardised land condition record, created by a working group of government bodies, insurers, property developers and professional bodies, which is intended to provide a consistent system of reporting on land history. The LCR scheme is a government initiative, developed out of the Urban Task Force report, "Towards an urban renaissance" and the Urban White Paper, aimed at building confidence in investing in contaminated land and brownfield sites by providing definite information on what has been done at the site, including clean-up operations. | ||
| 590 | _aABS | ||
| 650 | _aBROWNFIELD SITES | ||
| 650 | _aCONTAMINATED LAND | ||
| 650 | _aINVESTMENT | ||
| 650 | _aLAND CONDITION RECORDS | ||
| 650 | _aGOVERNMENT POLICY | ||
| 650 | _aREGENERATION | ||
| 690 | _aENVIRONMENT-CONTAMINATION | ||
| 700 | _aCuckson, D | ||
| 942 | _n0 | ||
| 999 |
_c68078 _d68078 |
||